| 000 | 00000nam 2200000za 4500 |
| 001 | 9.688065 |
| 003 | CaOODSP |
| 005 | 20210921095715 |
| 007 | cr ||||||||||| |
| 008 | 150407s2006 onc|||||o f|0| 0 eng d |
| 020 | |a0-662-42537-5 |
| 040 | |aCaOODSP|beng |
| 043 | |an-cn--- |
| 086 | 1 |aIu20-1/2006E-PDF |
| 110 | 1 |aCanada. |bOffice of Consumer Affairs. |
| 245 | 10|aCanadian consumer handbook 2006 |h[electronic resource]. |
| 260 | |aOttawa : |bIndustry Canada, |c2006. |
| 300 | |a81 p. : |billus., references. |
| 500 | |a"Being a wise consumer means being informed" "This handbook offers tips, questions and advice on consumers' rights, along with contacts for help with common problems." |
| 590 | |a06-11-Supp|b2006-10-10 |
| 690 | 07|aConsumer protection|2gcpds |
| 775 | 08|tGuide du consommateur canadien 2006 |w(CaOODSP)9.632500 |
| 794 | |tCanadian consumer handbook 2007 |w(CaOODSP)9.689392 |
| 856 | 40|ahttp://publications.gc.ca|qPDF|s384 KB|uhttps://publications.gc.ca/collections/Collection/Iu20-1-2006E.pdf |
| 986 | |aNo. 54393E |